000 00526nam a22001937a 4500
999 _c6392
_d6392
003 OSt
005 20200206091331.0
008 191202b ||||| |||| 00| 0 eng d
020 _a0673133303
040 _cDDC
082 _a150 RAG 1981
100 _aRagland,G.Racheal;
_913110
245 _aInvitation to Psychology;
260 _aGeorgia;
_bScott,Foresman and Company;
_c1981
300 _axi,534p;
_bill,
_c25cm.
504 _aincludes glossary references and index.
650 _aPsychology.
_931
942 _2ddc
_cO_SHELF